[Event "Verbandsliga MV 2014-15"]
[Site "Mecklenburg-Vorpommern"]
[Date "2015.02.22"]
[Round "6.2"]
[White "Kliewe, Hans Juergen"]
[Black "Engel, Gunnar"]
[Result "1/2-1/2"]
[WhiteElo "1972"]
[BlackElo "2016"]
[PlyCount "43"]
[EventType "team-tourn"]
[EventRounds "9"]
[WhiteTeam "ASV Gruen-Weiss Wismar"]
[BlackTeam "SSC Rostock 07  II"]

1. d4 Nf6 2. Nf3 g6 3. Bf4 Bg7 4. e3 d6 5. Be2 O-O 6. O-O c5 7. c3 b6 8. Nbd2
Bb7 9. a4 Nc6 10. Qb3 e5 11. Bg5 h6 12. Bxf6 Qxf6 13. dxc5 Na5 14. Qc2 dxc5 15.
Nb3 Nc6 16. Rfd1 h5 17. Nbd2 Qe7 18. Ne4 Rad8 19. Rxd8 Nxd8 20. Rd1 Ne6 21. Bc4
Rd8 22. Rxd8+ 1/2-1/2

[Event "Verbandsliga MV 2014-15"]
[Site "Mecklenburg-Vorpommern"]
[Date "2015.02.22"]
[Round "6.3"]
[White "Pererva, Viktor"]
[Black "Littke, Helmut"]
[Result "1-0"]
[WhiteElo "2013"]
[BlackElo "1992"]
[PlyCount "55"]
[EventType "team-tourn"]
[EventRounds "9"]
[WhiteTeam "SSC Rostock 07  II"]
[BlackTeam "ASV Gruen-Weiss Wismar"]

1. e4 c5 2. Nf3 d6 3. d4 cxd4 4. Nxd4 Nf6 5. Nc3 a6 6. Bg5 e6 7. f4 Be7 8. Qf3
Qc7 9. O-O-O Nc6 10. Nxc6 bxc6 11. e5 dxe5 12. fxe5 Nd5 13. Bxe7 Nxe7 14. Ne4
O-O 15. Nd6 Qa5 16. Bc4 Qxe5 17. Nxf7 Qf6 18. Qxf6 gxf6 19. Nd8 Nd5 20. Nxc6
Ne3 21. Rd4 Nxc4 22. Rxc4 Kf7 23. Rd1 e5 24. Nb4 Be6 25. Rc7+ Kg6 26. Rd6 a5
27. Nd3 Rfe8 28. Rcc6 1-0

[Event "Verbandsliga MV 2014-15"]
[Site "Mecklenburg-Vorpommern"]
[Date "2015.02.22"]
[Round "6.4"]
[White "Schulz, Bernd"]
[Black "Brack, Peter"]
[Result "1/2-1/2"]
[WhiteElo "1875"]
[BlackElo "1982"]
[PlyCount "23"]
[EventType "team-tourn"]
[EventRounds "9"]
[WhiteTeam "ASV Gruen-Weiss Wismar"]
[BlackTeam "SSC Rostock 07  II"]

1. e4 e6 2. d4 d5 3. exd5 exd5 4. Nf3 Be6 5. Be2 Nc6 6. O-O Bd6 7. Ng5 Bf5 8.
c4 Be7 9. cxd5 Qxd5 10. Bf3 Qc4 11. Re1 h6 12. Na3 1/2-1/2

[Event "Verbandsliga MV 2014-15"]
[Site "Mecklenburg-Vorpommern"]
[Date "2015.02.22"]
[Round "6.7"]
[White "Hodl, Ingolf"]
[Black "Quang, Luu Vinh"]
[Result "1-0"]
[WhiteElo "1932"]
[BlackElo "1563"]
[PlyCount "49"]
[EventType "team-tourn"]
[EventRounds "9"]
[WhiteTeam "SSC Rostock 07  II"]
[BlackTeam "ASV Gruen-Weiss Wismar"]

1. g3 Nf6 2. Bg2 g6 3. Nf3 Bg7 4. O-O d5 5. d3 O-O 6. Nbd2 Re8 7. e4 e5 8. Re1
dxe4 9. dxe4 Nc6 10. c3 b6 11. Qc2 Bb7 12. Nf1 Qe7 13. Bg5 Nd8 14. Ne3 Ne6 15.
Bxf6 Bxf6 16. Nd5 Bxd5 17. exd5 Nc5 18. Nd4 Qd6 19. Nb5 Qd7 20. c4 a6 21. Nc3
Rad8 22. b4 Nb7 23. Ne4 Bg7 24. c5 Qb5 25. Rab1 1-0

[Event "Verbandsliga MV 2014-15"]
[Site "Mecklenburg-Vorpommern"]
[Date "2015.02.22"]
[Round "6.8"]
[White "Soltmann, Jan"]
[Black "Schumann, Harald"]
[Result "0-1"]
[WhiteElo "1497"]
[BlackElo "1860"]
[PlyCount "40"]
[EventType "team-tourn"]
[EventRounds "9"]
[WhiteTeam "ASV Gruen-Weiss Wismar"]
[BlackTeam "SSC Rostock 07  II"]

1. g3 Nf6 2. Bg2 g6 3. Nf3 Bg7 4. O-O O-O 5. d3 Re8 6. Re1 c6 7. e4 d6 8. Be3
Ng4 9. Bd4 Bxd4 10. Nxd4 Qb6 11. c3 e5 12. h3 Nxf2 13. Kxf2 exd4 14. Kf1 Qxb2
15. Nd2 Qxc3 16. Nb3 Be6 17. Rc1 Bxb3 18. axb3 Qa5 19. Rc4 Qe5 20. g4 Nd7 0-1

[Event "Verbandsliga MV 2014-15"]
[Site "Mecklenburg-Vorpommern"]
[Date "2015.03.15"]
[Round "7.1"]
[White "Moeller, Peter"]
[Black "Jaster, Robert"]
[Result "0-1"]
[WhiteElo "2001"]
[BlackElo "2269"]
[PlyCount "64"]
[EventType "team-tourn"]
[EventRounds "9"]
[WhiteTeam "HSG Uni Rostock"]
[BlackTeam "SSC Rostock 07  II"]

1. d4 f5 2. Bf4 Nf6 3. e3 g6 4. h4 h6 5. Nf3 d6 6. Bc4 Bg7 7. Nc3 e6 8. Qe2 O-O
9. a3 a6 10. Ba2 Qe8 11. O-O-O Nbd7 12. Qc4 d5 13. Qe2 Ne4 14. Nxe4 fxe4 15.
Nd2 c5 16. Bd6 Rf7 17. dxc5 b6 18. Qg4 Rf5 19. f3 Nxc5 20. Bxc5 bxc5 21. fxe4
Re5 22. exd5 exd5 23. Qf3 Be6 24. c4 Rf5 25. Qe2 Rb8 26. b3 Qf7 27. Rhf1 Qf6
28. Nb1 dxc4 29. Rxf5 gxf5 30. b4 cxb4 31. Bxc4 Rc8 32. Rd4 Qf7 0-1

[Event "Verbandsliga MV 2014-15"]
[Site "Mecklenburg-Vorpommern"]
[Date "2015.03.15"]
[Round "7.2"]
[White "Engel, Gunnar"]
[Black "Hammel, Ralf"]
[Result "1-0"]
[WhiteElo "2016"]
[BlackElo "1965"]
[PlyCount "53"]
[EventType "team-tourn"]
[EventRounds "9"]
[WhiteTeam "SSC Rostock 07  II"]
[BlackTeam "HSG Uni Rostock"]

1. d4 Nf6 2. c4 e6 3. g3 d5 4. Bg2 c6 5. Qc2 Be7 6. Nf3 O-O 7. O-O Nbd7 8. Rd1
Ne4 9. Nc3 f5 10. Ne5 Nxe5 11. dxe5 Bd7 12. Be3 b5 13. b3 a5 14. Qd3 Nxc3 15.
Qxc3 Rc8 16. Qd3 Kh8 17. f4 Qe8 18. a4 b4 19. Rac1 Qf7 20. Kh1 h5 21. h4 Qg6
22. Bf2 Qg4 23. Kh2 c5 24. cxd5 exd5 25. Bxd5 Bc6 26. Bxc6 Rxc6 27. Qd7 1-0

[Event "Verbandsliga MV 2014-15"]
[Site "Mecklenburg-Vorpommern"]
[Date "2015.03.15"]
[Round "7.3"]
[White "Kutschke, Peter"]
[Black "Pererva, Viktor"]
[Result "1-0"]
[WhiteElo "1941"]
[BlackElo "2013"]
[PlyCount "57"]
[EventType "team-tourn"]
[EventRounds "9"]
[WhiteTeam "HSG Uni Rostock"]
[BlackTeam "SSC Rostock 07  II"]

1. c4 e5 2. Nc3 Nf6 3. e4 Nc6 4. Nf3 Bb4 5. d3 d6 6. Be2 Bg4 7. h3 Bxf3 8. Bxf3
Bc5 9. O-O h6 10. g3 O-O 11. Kh2 Nd4 12. Bg2 a6 13. Ne2 c6 14. f4 Qe7 15. Bd2
Rad8 16. Bc3 Kh7 17. Qd2 Nxe2 18. Qxe2 Bd4 19. Bxd4 exd4 20. Qf2 c5 21. Rfe1 b6
22. Re2 Nd7 23. Rae1 g5 24. e5 gxf4 25. gxf4 dxe5 26. fxe5 Qg5 27. Rg1 Kh8 28.
Bc6 Qe7 29. Qf4 1-0

[Event "Verbandsliga MV 2014-15"]
[Site "Mecklenburg-Vorpommern"]
[Date "2015.03.15"]
[Round "7.4"]
[White "Brack, Peter"]
[Black "Giese, Guido"]
[Result "0-1"]
[WhiteElo "1982"]
[BlackElo "1911"]
[PlyCount "68"]
[EventType "team-tourn"]
[EventRounds "9"]
[WhiteTeam "SSC Rostock 07  II"]
[BlackTeam "HSG Uni Rostock"]

1. d4 Nf6 2. Nf3 g6 3. e3 Bg7 4. c4 O-O 5. Nc3 d5 6. Be2 c5 7. dxc5 Qa5 8. O-O
dxc4 9. Bxc4 Qxc5 10. Qe2 Bg4 11. Bb3 Nc6 12. h3 Bxf3 13. Qxf3 Rad8 14. Qe2 Rd7
15. Rd1 Rfd8 16. Rxd7 Rxd7 17. a3 a6 18. Ba2 b5 19. Bd2 Ne5 20. e4 Qd4 21. Bf4
Nd3 22. Be3 Qe5 23. f4 Nxf4 24. Bxf4 Qxf4 25. e5 Rd2 26. Qe1 Qd4+ 27. Kh1 Nh5
28. Ne4 Rd3 29. Ng5 Ng3+ 30. Kh2 Bxe5 31. Bxf7+ Kh8 32. Nf3 Rxf3 33. gxf3 Qxb2+
34. Kg1 Qxa1 0-1

[Event "Verbandsliga MV 2014-15"]
[Site "Mecklenburg-Vorpommern"]
[Date "2015.03.15"]
[Round "7.5"]
[White "Schwetlick, Thomas"]
[Black "Mangold, Thomas"]
[Result "1/2-1/2"]
[WhiteElo "1853"]
[BlackElo "1922"]
[PlyCount "43"]
[EventType "team-tourn"]
[EventRounds "9"]
[WhiteTeam "HSG Uni Rostock"]
[BlackTeam "SSC Rostock 07  II"]

1. e4 e5 2. Nf3 d6 3. d4 exd4 4. Nxd4 Nf6 5. Nc3 Be7 6. Bc4 O-O 7. f3 Re8 8.
Be3 c6 9. Qd2 b5 10. Bb3 a6 11. Nde2 Nbd7 12. O-O Nc5 13. Nd4 Qc7 14. Qf2 Bf8
15. Nce2 d5 16. e5 Nfd7 17. f4 Ne4 18. Qf3 Ndc5 19. Ng3 Nxg3 20. Qxg3 Ne4 21.
Qf3 Bb7 22. c3 1/2-1/2

[Event "Verbandsliga MV 2014-15"]
[Site "Mecklenburg-Vorpommern"]
[Date "2015.03.15"]
[Round "7.6"]
[White "Celmer, Ole"]
[Black "Hantel, Thomas"]
[Result "1-0"]
[WhiteElo "1912"]
[BlackElo "1693"]
[PlyCount "63"]
[EventType "team-tourn"]
[EventRounds "9"]
[WhiteTeam "SSC Rostock 07  II"]
[BlackTeam "HSG Uni Rostock"]

1. e4 c5 2. c3 Nc6 3. d4 cxd4 4. cxd4 d6 5. Nf3 Nf6 6. Nc3 e6 7. Bd3 Be7 8. O-O
O-O 9. a3 a6 10. Qc2 h6 11. Rd1 d5 12. e5 Nd7 13. Ne2 Re8 14. Be3 Nf8 15. Nf4
f5 16. Nh5 g6 17. Nf4 g5 18. Nh5 Ng6 19. g4 Rf8 20. Kh1 fxg4 21. Bxg6 Rxf3 22.
Rg1 Qf8 23. Rxg4 Bd7 24. Rag1 Be8 25. R4g3 Rxg3 26. Rxg3 Rc8 27. Qd3 Kh8 28. f4
Qg8 29. Bxe8 Qxe8 30. Nf6 Bxf6 31. exf6 Qh5 32. fxg5 1-0

[Event "Verbandsliga MV 2014-15"]
[Site "Mecklenburg-Vorpommern"]
[Date "2015.03.15"]
[Round "7.7"]
[White "Schroeder, Christian"]
[Black "Hodl, Ingolf"]
[Result "0-1"]
[WhiteElo "1852"]
[BlackElo "1932"]
[PlyCount "98"]
[EventType "team-tourn"]
[EventRounds "9"]
[WhiteTeam "HSG Uni Rostock"]
[BlackTeam "SSC Rostock 07  II"]

1. c4 Nf6 2. Nc3 g6 3. d4 Bg7 4. e4 O-O 5. e5 Ne8 6. f4 d6 7. Nf3 c5 8. dxc5
Nc6 9. cxd6 exd6 10. Be3 Bg4 11. Be2 Qa5 12. O-O dxe5 13. Nxe5 Nxe5 14. Bxg4
Nxc4 15. Bc1 Nxb2 16. Bxb2 Bxc3 17. Bxc3 Qxc3 18. f5 Nf6 19. Bf3 Rad8 20. Qc1
Qd4+ 21. Kh1 Ne4 22. Bxe4 Qxe4 23. f6 Qh4 24. Rb1 Rc8 25. Qe3 b6 26. Rb4 Rce8
27. Qxe8 Qxb4 28. Qe3 Rd8 29. Qh6 Qf8 30. Qf4 Rd6 31. h3 Qd8 32. Qf3 h6 33. Kh2
Kh7 34. Rf2 Rd3 35. Qb7 Qd6+ 36. Kg1 Rd1+ 37. Rf1 Rxf1+ 38. Kxf1 Qxf6+ 39. Kg1
a5 40. Qd5 Qe6 41. Qd2 Qc4 42. Qf2 Qc5 43. Qxc5 bxc5 44. Kf2 Kg7 45. Ke3 Kf6
46. Kd3 Ke5 47. Kc4 Kd6 48. Kb5 Kd5 49. Kxa5 Kd4 0-1

[Event "Verbandsliga MV 2014-15"]
[Site "Mecklenburg-Vorpommern"]
[Date "2015.03.15"]
[Round "7.8"]
[White "Wurst, Maximilian"]
[Black "Lueth, Jochen"]
[Result "1-0"]
[WhiteElo "1381"]
[BlackElo "1631"]
[PlyCount "161"]
[EventType "team-tourn"]
[EventRounds "9"]
[WhiteTeam "SSC Rostock 07  II"]
[BlackTeam "HSG Uni Rostock"]

1. e4 d5 2. exd5 Qxd5 3. Nc3 Qa5 4. d4 c6 5. Nf3 Bf5 6. Bc4 e6 7. Qe2 Nf6 8.
Bd2 Qc7 9. Ne5 Bg6 10. Bf4 Bd6 11. O-O Bxe5 12. Bxe5 Qe7 13. Rfe1 O-O 14. Bd3
Bxd3 15. Qxd3 Rd8 16. Re3 Nbd7 17. f4 g6 18. h3 Nb6 19. Ne4 Nxe4 20. Qxe4 f6
21. f5 exf5 22. Qh4 g5 23. Rg3 Kf8 24. Qh6+ Qg7 25. Qxf6+ Qxf6 26. Bxf6 Rd6 27.
Bxg5 Rxd4 28. Be3 Rd5 29. Rf3 Nc4 30. Bh6+ Kf7 31. b3 Nb6 32. Raf1 Kg6 33. Be3
c5 34. g4 Rf8 35. gxf5+ Rdxf5 36. Rxf5 Rxf5 37. Rxf5 Kxf5 38. Bxc5 Nd7 39. Bd4
Ke4 40. c3 Kd3 41. Kf2 Kc2 42. b4 Nb6 43. b5 Na4 44. c4 Kd3 45. Bxa7 Kxc4 46.
b6 Nc3 47. Kg3 Nxa2 48. Kg4 Nc3 49. Kg5 Kd5 50. Kh6 Ne4 51. Bb8 Ke6 52. Bc7 Kf7
53. Bf4 Kg8 54. Bg5 Nd6 55. h4 Kh8 56. Kh5 Kg7 57. Kg4 Nc4 58. Bd8 Ne5+ 59. Kf5
Nc4 60. Ke6 Kg6 61. Kd7 Kh5 62. Kc7 Ne5 63. Be7 Kg4 64. Bb4 Nc4 65. Be1 Kf3 66.
Kxb7 Ke2 67. Bb4 Kf3 68. Kc7 Nxb6 69. Kxb6 Kg4 70. Be7 Kf5 71. Kc5 h5 72. Kd5
Kg6 73. Ke5 Kf7 74. Bg5 Kg6 75. Ke6 Kg7 76. Kf5 Kh7 77. Bd2 Kg7 78. Kg5 Kh7 79.
Kxh5 Kg7 80. Bc3+ Kh7 81. Kg5 1-0

[Event "Verbandsliga MV 2014-15"]
[Site "Mecklenburg-Vorpommern"]
[Date "2015.03.15"]
[Round "7.1"]
[White "Stutz, Reno"]
[Black "Dettmann, Gerd"]
[Result "0-1"]
[WhiteElo "1947"]
[BlackElo "2139"]
[PlyCount "78"]
[EventType "team-tourn"]
[EventRounds "9"]
[WhiteTeam "ASV Gruen-Weiss Wismar"]
[BlackTeam "SG Güstrow/Teterow"]

1. d4 Nf6 2. Nf3 c5 3. e3 e6 4. Bd3 Nc6 5. O-O d5 6. b3 cxd4 7. exd4 Bd6 8. Bb2
O-O 9. a3 Nh5 10. g3 f5 11. Ne5 Nf6 12. Nd2 Bd7 13. c4 Ne4 14. f3 Nxe5 15. dxe5
Bc5+ 16. Kg2 Nxd2 17. Qxd2 Bc6 18. Rad1 a5 19. Qc2 d4 20. Qd2 Qe7 21. a4 Rad8
22. Qxa5 g5 23. Kf2 b6 24. Qd2 Rf7 25. Rg1 Rg7 26. Ra1 Bb4 27. Qc1 Qc5 28. Ba3
Bxa3 29. Qxa3 Qxe5 30. Rge1 Qf6 31. a5 e5 32. axb6 e4 33. Be2 d3 34. Bd1 Qd4+
35. Kg2 g4 36. fxg4 fxg4 37. Bxg4 Rxg4 38. Qe7 e3+ 39. Kh3 Rg6 0-1

[Event "Verbandsliga MV 2014-15"]
[Site "Mecklenburg-Vorpommern"]
[Date "2015.03.15"]
[Round "7.2"]
[White "Luther, Alexander"]
[Black "Kliewe, Hans Juergen"]
[Result "1-0"]
[WhiteElo "1928"]
[BlackElo "1972"]
[PlyCount "91"]
[EventType "team-tourn"]
[EventRounds "9"]
[WhiteTeam "SG Güstrow/Teterow"]
[BlackTeam "ASV Gruen-Weiss Wismar"]

1. e4 e6 2. d4 d5 3. Nd2 c5 4. exd5 exd5 5. Bb5+ Nc6 6. Ngf3 c4 7. O-O Bd6 8.
Re1+ Nge7 9. Ne5 O-O 10. c3 Qc7 11. Ndf3 Bf5 12. Ba4 Be4 13. Bc2 Bxc2 14. Qxc2
Ng6 15. Nxg6 hxg6 16. h4 Rae8 17. Be3 Ne7 18. Bg5 Nf5 19. h5 Bf4 20. hxg6 fxg6
21. Rxe8 Rxe8 22. Bxf4 Qxf4 23. Ne5 Kh7 24. Re1 Qg5 25. Qc1 Qxc1 26. Rxc1 Re6
27. Kf1 Rb6 28. Rb1 Nd6 29. f3 Nf5 30. Kf2 Kg8 31. b3 Nh6 32. Nd7 Rd6 33. Ne5
Rb6 34. Nd7 Rd6 35. Ne5 Rb6 36. Ke2 Nf7 37. Nxf7 Kxf7 38. Kd2 Kf6 39. Kc2 Re6
40. bxc4 Re2+ 41. Kd3 Rxg2 42. cxd5 b6 43. Re1 Rh2 44. d6 Rh8 45. c4 Rd8 46. c5
1-0

[Event "Verbandsliga MV 2014-15"]
[Site "Mecklenburg-Vorpommern"]
[Date "2015.03.15"]
[Round "7.3"]
[White "Littke, Helmut"]
[Black "Dettmann, Holger"]
[Result "1/2-1/2"]
[WhiteElo "1992"]
[BlackElo "1905"]
[PlyCount "75"]
[EventType "team-tourn"]
[EventRounds "9"]
[WhiteTeam "ASV Gruen-Weiss Wismar"]
[BlackTeam "SG Güstrow/Teterow"]

1. Nf3 d5 2. d4 Bf5 3. c4 e6 4. Qb3 b6 5. cxd5 Bxb1 6. Qa4+ Qd7 7. Qxd7+ Nxd7
8. dxe6 Bf5 9. exd7+ Bxd7 10. Bf4 Bb4+ 11. Bd2 Bxd2+ 12. Nxd2 Ne7 13. Rc1 O-O-O
14. e3 Bc6 15. f3 Rhe8 16. Kf2 Bb7 17. Bb5 c6 18. Bd3 f5 19. Nb3 Kb8 20. Rhe1
g5 21. e4 f4 22. Bc4 h5 23. Rcd1 Nc8 24. Bf7 Rh8 25. d5 Nd6 26. Be6 cxd5 27.
Bxd5 Bxd5 28. Rxd5 Nc4 29. Rxg5 Nxb2 30. Rb1 Nd1+ 31. Kg1 Nc3 32. Ra1 Rd7 33.
g3 Rhd8 34. Kg2 a5 35. a4 Rd3 36. gxf4 Nxe4 37. fxe4 Rxb3 38. Rxh5 1/2-1/2

[Event "Verbandsliga MV 2014-15"]
[Site "Mecklenburg-Vorpommern"]
[Date "2015.03.15"]
[Round "7.4"]
[White "Kiel, Bernd"]
[Black "Schulz, Bernd"]
[Result "1/2-1/2"]
[WhiteElo "1896"]
[BlackElo "1875"]
[PlyCount "69"]
[EventType "team-tourn"]
[EventRounds "9"]
[WhiteTeam "SG Güstrow/Teterow"]
[BlackTeam "ASV Gruen-Weiss Wismar"]

1. e4 e5 2. Nf3 Nc6 3. c3 d5 4. Qa4 f6 5. Bb5 Nge7 6. exd5 Qxd5 7. d4 exd4 8.
cxd4 Be6 9. Nc3 Qd7 10. Bd2 O-O-O 11. d5 Bxd5 12. Nxd5 Qxd5 13. O-O Nd4 14.
Nxd4 Qxd4 15. Qxd4 Rxd4 16. Rfd1 c6 17. Rac1 Nd5 18. a3 Be7 19. Be2 Rd8 20. g3
f5 21. h4 Bf6 22. b4 Nb6 23. Be3 Rxd1+ 24. Rxd1 Rxd1+ 25. Bxd1 Nc4 26. Bxa7
Nxa3 27. Bb3 f4 28. Kg2 fxg3 29. fxg3 Be7 30. Bd4 Bf8 31. h5 Kd7 32. g4 g6 33.
hxg6 hxg6 34. Bc3 Nb5 35. Bd2 1/2-1/2

[Event "Verbandsliga MV 2014-15"]
[Site "Mecklenburg-Vorpommern"]
[Date "2015.03.15"]
[Round "7.5"]
[White "Bahr, Enrico"]
[Black "Fidorra, Thomas"]
[Result "0-1"]
[WhiteElo "1836"]
[BlackElo "1879"]
[PlyCount "78"]
[EventType "team-tourn"]
[EventRounds "9"]
[WhiteTeam "ASV Gruen-Weiss Wismar"]
[BlackTeam "SG Güstrow/Teterow"]

1. d4 d5 2. Nf3 Nf6 3. Bf4 c5 4. c3 Nc6 5. e3 Qb6 6. Qb3 c4 7. Qxb6 axb6 8.
Nbd2 b5 9. a3 b4 10. cxb4 Nxb4 11. Rc1 Nc6 12. Ne5 Bf5 13. Ndxc4 dxc4 14. Bxc4
Nxe5 15. Bxe5 Bd7 16. f3 e6 17. Kf2 Be7 18. Rhe1 O-O 19. Bd3 Rac8 20. b4 Rxc1
21. Rxc1 Rc8 22. Rxc8+ Bxc8 23. e4 Bd7 24. Ke3 Kf8 25. g4 h6 26. Bg3 Ke8 27. h3
Kd8 28. f4 Ne8 29. h4 Nd6 30. Be1 Kc7 31. g5 Kb6 32. d5 Bb5 33. Bc3 Bxd3 34.
Kxd3 hxg5 35. fxg5 exd5 36. Bxg7 dxe4+ 37. Ke2 Nf5 38. Bf6 Bxf6 39. gxf6 Kb5
0-1

[Event "Verbandsliga MV 2014-15"]
[Site "Mecklenburg-Vorpommern"]
[Date "2015.03.15"]
[Round "7.7"]
[White "Roeder, Phillip"]
[Black "Ebert, Lutz"]
[Result "1/2-1/2"]
[WhiteElo "1860"]
[BlackElo "1736"]
[PlyCount "40"]
[EventType "team-tourn"]
[EventRounds "9"]
[WhiteTeam "ASV Gruen-Weiss Wismar"]
[BlackTeam "SG Güstrow/Teterow"]

1. Nc3 c5 2. Nf3 Nc6 3. d4 cxd4 4. Nxd4 g6 5. g3 Bg7 6. Nb3 a6 7. a4 e6 8. e4
Nge7 9. Bg2 O-O 10. f4 b6 11. O-O Bb7 12. e5 Qc7 13. Ne4 Nb4 14. c3 Bxe4 15.
Bxe4 Nbc6 16. Qd3 Rfd8 17. Rd1 Bf8 18. Qf3 d5 19. exd6 Rxd6 20. Rxd6 Qxd6
1/2-1/2

[Event "Verbandsliga MV 2014-15"]
[Site "Mecklenburg-Vorpommern"]
[Date "2015.03.15"]
[Round "7.8"]
[White "Armbruester, Clemens"]
[Black "Pentzien, Volker"]
[Result "1/2-1/2"]
[WhiteElo "1697"]
[BlackElo "1830"]
[PlyCount "23"]
[EventType "team-tourn"]
[EventRounds "9"]
[WhiteTeam "SG Güstrow/Teterow"]
[BlackTeam "ASV Gruen-Weiss Wismar"]

1. d4 Nf6 2. c4 g6 3. Nc3 d5 4. cxd5 Nxd5 5. e4 Nxc3 6. bxc3 Bg7 7. Nf3 c5 8.
Be3 O-O 9. Qd2 Qa5 10. Rc1 cxd4 11. cxd4 Qxd2+ 12. Nxd2 1/2-1/2

[Event "Verbandsliga MV 2014-15"]
[Site "Mecklenburg-Vorpommern"]
[Date "2015.03.15"]
[Round "7.1"]
[White "Mehl, Ronald"]
[Black "Schinke, Andreas"]
[Result "1/2-1/2"]
[WhiteElo "2095"]
[BlackElo "2042"]
[PlyCount "57"]
[EventType "team-tourn"]
[EventRounds "9"]
[WhiteTeam "FHSG Stralsund"]
[BlackTeam "SV Blau-Weiss Grevesmuehlen"]

1. Nf3 Nf6 2. c4 g6 3. b3 Bg7 4. Bb2 O-O 5. e3 c5 6. Be2 Nc6 7. d4 cxd4 8. exd4
d5 9. Nbd2 Bf5 10. a3 Rc8 11. O-O dxc4 12. Nxc4 Nd5 13. Qd2 b5 14. Ne3 Bh6 15.
Bd3 Bg4 16. Be4 Nxe3 17. fxe3 Qa5 18. b4 Qb6 19. Rac1 Be6 20. Rc5 Bc4 21. d5
Nb8 22. Qd4 f6 23. Re1 Nd7 24. Rc6 Rxc6 25. dxc6 Qxd4 26. Bxd4 Nb6 27. Bc5 f5
28. Bc2 Rc8 29. Bxe7 1/2-1/2

[Event "Verbandsliga MV 2014-15"]
[Site "Mecklenburg-Vorpommern"]
[Date "2015.03.15"]
[Round "7.2"]
[White "Boehme, Andy"]
[Black "Hubert, Peter"]
[Result "1-0"]
[WhiteElo "2018"]
[BlackElo "1999"]
[PlyCount "91"]
[EventType "team-tourn"]
[EventRounds "9"]
[WhiteTeam "SV Blau-Weiss Grevesmuehlen"]
[BlackTeam "FHSG Stralsund"]

1. g3 g6 2. Bg2 Bg7 3. c3 d5 4. d3 c6 5. f4 Nf6 6. Nf3 Qb6 7. e3 O-O 8. O-O
Nbd7 9. Kh1 Re8 10. d4 Ne4 11. Nbd2 Nd6 12. Qb3 Nf6 13. Ne5 Bf5 14. h3 Nfe4 15.
Nxe4 Bxe4 16. Ng4 Qa6 17. Qd1 Nf5 18. Kh2 Bxg2 19. Kxg2 h5 20. Nf2 h4 21. g4
Ng3 22. Re1 f5 23. g5 e6 24. Qd3 b5 25. Bd2 Qb6 26. Reb1 a5 27. Be1 Kf7 28. Nd1
Ne4 29. b3 Rh8 30. a4 Bf8 31. axb5 cxb5 32. c4 b4 33. c5 Qc6 34. Ra4 Be7 35.
Rba1 Rhb8 36. Rxa5 Rxa5 37. Rxa5 Qc7 38. Ra2 Qb7 39. Qa6 Bxc5 40. Qxb7+ Rxb7
41. dxc5 Nxc5 42. Nf2 e5 43. Rc2 Rb5 44. Bxb4 Ne6 45. Nd3 e4 46. Ne5+ 1-0

[Event "Verbandsliga MV 2014-15"]
[Site "Mecklenburg-Vorpommern"]
[Date "2015.03.15"]
[Round "7.3"]
[White "Kohn, Andreas"]
[Black "Naujok, Joerg"]
[Result "0-1"]
[WhiteElo "1926"]
[BlackElo "1958"]
[PlyCount "56"]
[EventType "team-tourn"]
[EventRounds "9"]
[WhiteTeam "FHSG Stralsund"]
[BlackTeam "SV Blau-Weiss Grevesmuehlen"]

1. e4 d6 2. d4 Nf6 3. Nc3 g6 4. f4 Bg7 5. Nf3 O-O 6. Bd3 Nc6 7. O-O Bg4 8. Be3
e5 9. fxe5 dxe5 10. d5 Nd4 11. Be2 Nxe2+ 12. Qxe2 Qe7 13. Qf2 b6 14. h3 Bxf3
15. Qxf3 Ne8 16. Qg4 Nd6 17. Bg5 f6 18. Bh4 Rf7 19. Rf3 Raf8 20. Raf1 Qe8 21.
Qe6 f5 22. exf5 gxf5 23. g4 e4 24. Rxf5 Nxf5 25. Qxe8 Rxe8 26. Rxf5 Rxf5 27.
gxf5 Bxc3 28. bxc3 Re5 0-1

[Event "Verbandsliga MV 2014-15"]
[Site "Mecklenburg-Vorpommern"]
[Date "2015.03.15"]
[Round "7.4"]
[White "Wecke, Thoralf"]
[Black "Kohn, Thomas"]
[Result "1/2-1/2"]
[WhiteElo "1909"]
[BlackElo "1886"]
[PlyCount "31"]
[EventType "team-tourn"]
[EventRounds "9"]
[WhiteTeam "SV Blau-Weiss Grevesmuehlen"]
[BlackTeam "FHSG Stralsund"]

1. d4 Nf6 2. Bg5 d5 3. Bxf6 exf6 4. e3 Bd6 5. c4 dxc4 6. Bxc4 f5 7. Nf3 Nd7 8.
Nc3 O-O 9. O-O c6 10. Rb1 Nf6 11. b4 b5 12. Bd3 Qe7 13. Qc2 Bxb4 14. Ne5 Bd7
15. Nxd7 Nxd7 16. Bxf5 1/2-1/2

[Event "Verbandsliga MV 2014-15"]
[Site "Mecklenburg-Vorpommern"]
[Date "2015.03.15"]
[Round "7.5"]
[White "Giese, Lothar"]
[Black "Stiegler, Maik"]
[Result "1/2-1/2"]
[WhiteElo "1787"]
[BlackElo "1857"]
[PlyCount "28"]
[EventType "team-tourn"]
[EventRounds "9"]
[WhiteTeam "FHSG Stralsund"]
[BlackTeam "SV Blau-Weiss Grevesmuehlen"]

1. c4 e5 2. Nc3 Nf6 3. d3 Nc6 4. Nf3 Bb4 5. e4 h6 6. h3 O-O 7. Be3 d6 8. a3
Bxc3+ 9. bxc3 Ne8 10. g4 Ne7 11. Qe2 Ng6 12. Bg2 c5 13. O-O Nc7 14. Rab1 Ne6
1/2-1/2

[Event "Verbandsliga MV 2014-15"]
[Site "Mecklenburg-Vorpommern"]
[Date "2015.03.15"]
[Round "7.7"]
[White "Glawe, Hartmut"]
[Black "Gareis, Roberto"]
[Result "1-0"]
[WhiteElo "1865"]
[BlackElo "1823"]
[PlyCount "67"]
[EventType "team-tourn"]
[EventRounds "9"]
[WhiteTeam "FHSG Stralsund"]
[BlackTeam "SV Blau-Weiss Grevesmuehlen"]

1. d4 d5 2. c4 e6 3. Nc3 Nf6 4. Nf3 Be7 5. e3 O-O 6. Qc2 Nbd7 7. cxd5 exd5 8.
Bd3 c6 9. O-O Re8 10. a3 Nf8 11. Ne5 N6d7 12. f4 Nxe5 13. fxe5 f6 14. exf6 Bxf6
15. Ne2 Bg4 16. Nf4 Bg5 17. h3 Bxf4 18. exf4 Bh5 19. Qf2 Nd7 20. f5 Nf6 21. Bg5
Qd6 22. Bf4 Qd7 23. Be5 Rf8 24. Qh4 Be8 25. Rae1 h6 26. Re3 Rd8 27. Rfe1 Qf7
28. g4 Bd7 29. Bd6 Rfe8 30. Re7 Rxe7 31. Rxe7 Qf8 32. Rxd7 Qe8 33. Rxd8 Qxd8
34. Be5 1-0

[Event "Verbandsliga MV 2014-15"]
[Site "Mecklenburg-Vorpommern"]
[Date "2015.03.15"]
[Round "7.8"]
[White "Wulff, Jens Peter"]
[Black "Vietinghoff, Klaus"]
[Result "0-1"]
[WhiteElo "1638"]
[BlackElo "1690"]
[PlyCount "110"]
[EventType "team-tourn"]
[EventRounds "9"]
[WhiteTeam "SV Blau-Weiss Grevesmuehlen"]
[BlackTeam "FHSG Stralsund"]

1. d4 f5 2. Bg5 Nf6 3. Bxf6 exf6 4. e3 d5 5. Nd2 Be6 6. Bd3 Nc6 7. a3 Be7 8. h4
Qd7 9. Ne2 Bd6 10. c4 dxc4 11. Nxc4 Ne7 12. Nc3 O-O 13. Qc2 c6 14. Nxd6 Qxd6
15. Qe2 Rad8 16. Rd1 b5 17. d5 Nxd5 18. Nxd5 Qxd5 19. O-O Qe5 20. f4 Qc5 21.
Kh1 Rfe8 22. Rc1 Qd6 23. Rfd1 Bd5 24. Bxf5 Qxf4 25. Qh5 Qg3 26. Qxh7+ Kf8 27.
e4 Bg8 28. Qh5 Bf7 29. Qg4 Qxg4 30. Bxg4 Rxd1+ 31. Bxd1 Rxe4 32. Bf3 Rxh4+ 33.
Kg1 Rc4 34. Rxc4 bxc4 35. Bxc6 Ke7 36. Bf3 Kd6 37. Kf2 Kc5 38. Ke3 g5 39. g4
Be6 40. Be2 a5 41. Bd1 f5 42. gxf5 Bxf5 43. Bf3 g4 44. Bg2 Be6 45. Bf1 Kd5 46.
Bg2+ Ke5 47. Bf1 Bd5 48. Be2 g3 49. Bf1 g2 50. Bxg2 Bxg2 51. Kd2 Kd4 52. Kc1
Be4 53. Kd2 a4 54. Kd1 c3 55. Kc1 c2 0-1